| 000 | 00508nam a22001697a 4500 | ||
|---|---|---|---|
| 999 |
_c15242 _d15242 |
||
| 003 | AR-CdUCM | ||
| 008 | 190426b ||||| |||| 00| 0 spa d | ||
| 040 |
_aMUNICIPALIDAD PROVINCIAL DEL CUSCO _cBIBLIOTECA MUNICIPAL DEL CUSCO |
||
| 082 |
_28ed. _aC / 868.5 / _bP43 |
||
| 100 |
_aPereda, Jose Maria de _926152 |
||
| 245 | _aObras completas / | ||
| 260 |
_aMadrid : _bVictoriano Suarez, _c1924. |
||
| 300 |
_a516 páginas ; _c18 cm. |
||
| 650 |
_aObras completas. _95231 |
||
| 942 |
_2ddc _cLIBROS |
||
| 945 | _awfj | ||